Music Quiz

Random Music or Song Quiz

Beatles Fill-in-the-Blank Quiz Stats

 Plays Quiz Updated Jul 20, 2017

     
Support Sporcle.
Go Orange.
Score 0/60 Timer 07:00
3 Plays Today
Title Missing Word % Correct
___ JudeHey
94.6%
I Want to Hold Your ___Hand
93.5%
Lucy in the Sky with ___ Diamonds
92.6%
With a Little ___ from My FriendsHelp
92.5%
Yellow ___Submarine
92.4%
Strawberry ___ ForeverFields
92.1%
Here ___ the SunComes
91.9%
All You ___ Is LoveNeed
91.9%
___ It BeLet
91.6%
A ___ Day's NightHard
91.3%
___ SkelterHelter
90.6%
And I ___ HerLove
90.1%
___ Days a WeekEight
89.8%
Can't ___ Me LoveBuy
89.5%
Eleanor ___Rigby
89.4%
___ and ShoutTwist
89.1%
A ___ in the LifeDay
88.3%
I Saw Her ___ ThereStanding
87.9%
We Can ___ It OutWork
86.8%
I am the ___Walrus
84.5%
___ LanePenny
84.4%
The Long and ___ RoadWinding
84.2%
___ to RideTicket
83.6%
While My ___ Gently WeepsGuitar
82.6%
She Loves ___You
82.5%
Magical ___ TourMystery
80.7%
I __ MineMe
80%
Got to Get You into My ___Life
76.7%
Octopus's ___Garden
76%
___ WriterPaperback
75.9%
Title Missing Word % Correct
___ as a BirdFree
73.2%
Back in the ___U.S.S.R.
72.7%
___ My CarDrive
72.3%
Across the ___Universe
72.2%
Come ___Together
70.2%
Day ___Tripper
68.4%
Lady ___Madonna
65.6%
Maxwell's ___ HammerSilver
65%
All My ___Loving
65%
I Feel ___Fine
64%
When I'm ___Sixty-Four
62.2%
You've Got to ___ Your Love AwayHide
62.2%
___ RaccoonRocky
62%
Happiness is a Warm ___Gun
61.9%
___ WoodNorwegian
59.8%
Dear ___Prudence
57.6%
Good Day ___Sunshine
57%
Being for the ___ of Mr. Kite!Benefit
56.5%
Lovely ___Rita
53.1%
She's Leaving ___Home
51.2%
___ ManNowhere
45.2%
I'll ___ the SunFollow
43.8%
___ Never KnowsTomorrow
43%
___  ___ MePlease
42.6%
___ a HoleFixing
41.8%
___ You Without YouWithin
41.1%
If I ___Fell
38.1%
Getting ___Better
37.8%
___ PamPolythene
36.4%
I'm a ___Loser
31.6%

From the Vault

Movies with Criminal Protagonists

by metashades

Movies 8m
When the criminal doubles as the hero, we usually brush aside the criminal part.
Remove Ads.
Support Sporcle.
Get the best of Sporcle when you Go Orange. This ad-free experience offers more features, more stats, and more fun while also helping to support Sporcle. Thank you for becoming a member.

Show Comments

Extras

Top Quizzes Today


Score Distribution

Your Account Isn't Verified!

In order to create a playlist on Sporcle, you need to verify the email address you used during registration. Go to your Sporcle Settings to finish the process.

Report this User

Report this user for behavior that violates our Community Guidelines.

Details: